| 000 | 00578nam a22001817a 4500 | ||
|---|---|---|---|
| 020 | _qHard Cover. | ||
| 082 | _a330 | ||
| 100 | _aZuha Nadeem : Ayesha Zafar : Amal Bano. | ||
| 245 |
_aImpact of Gender Inequality in Education on GDP of Pakistan / _cNadeem, Zuha |
||
| 260 |
_aIslamabad: _bS3H NUST, _c2021. |
||
| 300 |
_a51 p. : _bill. ; _c30cm. |
||
| 563 | _aHB | ||
| 650 | _aBS-Economics | ||
| 700 |
_aDr. Faisal Abbas _955333 |
||
| 856 | _uhttp://10.250.8.41:8080/xmlui/handle/123456789/24497 | ||
| 942 |
_2ddc _cPR |
||
| 999 |
_c566123 _d566123 |
||